Top 10 de Milan-San Remo depuis 2020 - Statistiques

Statistiques générales
  • Ce quiz a été pris 35 fois
    6 depuis la dernière actualisation
  • Le résultat moyen est 57 sur 70
Statistiques - réponses
Année Classement Cycliste Team Nationalité % Correct
2 Filippo Ganna Ineos Grenadiers Italie
100%
2 Filippo Ganna Ineos Grenadiers Italie
100%
2024 1 Jasper Philipsen Alpecin-Deceuninck Belgique
100%
2 Julian Alaphilippe Deceuninck-Quick-Step France
100%
9 Julian Alaphilippe Soudal-Quick Step France
100%
5 Kaden Groves Alpecin-Deceuninck Australie
100%
6 Mads Pedersen Trek-Segafredo Danemark
100%
6 Mads Pedersen Trek-Segafredo Danemark
100%
4 Mads Pedersen Lidl-Trek Danemark
100%
7 Mads Pedersen Lidl-Trek Danemark
100%
4 Mads Pedersen Lidl - Trek Danemark
100%
10 Matej Mohoric Bahrain McLaren Slovénie
100%
2022 1 Matej Mohoric Bahrain Victorious Slovénie
100%
8 Matej Mohoric Bahrain Victorious Slovénie
100%
6 Matej Mohoric Bahrain Victorious Slovénie
100%
5 Mathieu Van Der Poel Alpecin-Fenix Pays-Bas
100%
3 Mathieu Van Der Poel Alpecin-Fenix Pays-Bas
100%
2023 1 Mathieu Van Der Poel Alpecin-Deceuninck Pays-Bas
100%
10 Mathieu Van Der Poel Alpecin-Deceuninck Pays-Bas
100%
2025 1 Mathieu Van Der Poel Alpecin-Deceuninck Pays-Bas
100%
8 Mathieu Van der Poel Aplecin-Premier Tech Pays-Bas
100%
3 Michael Matthews Team Sunweb Australie
100%
6 Michael Matthews Team BikeExchange Australie
100%
4 Michael Matthews BikeExchange-Jayco Australie
100%
2 Michael Matthews Jayco AlUla Australie
100%
4 Michael Matthews Jayco AlUla Australie
100%
4 Peter Sagan Bora-Hansgrohe Slovaquie
100%
4 Peter Sagan Bora-Hansgrohe Slovaquie
100%
5 Tadej Pogacar UAE Team Emirates Slovénie
100%
4 Tadej Pogacar UAE Team Emirates Slovénie
100%
3 Tadej Pogacar UAE Team Emirates Slovénie
100%
3 Tadej Pogacar UAE Team Emirates Slovénie
100%
2026 1 Tadej Pogacar UAE Team Emirates - XRG Slovénie
100%
2 Thomas Pidcock Pinarello-Q36.5 Grande-Bretagne
100%
2020 1 Wout Van Aert Jumbo-Visma Belgique
100%
3 Wout Van Aert Jumbo-Visma Belgique
100%
8 Wout Van Aert Jumbo-Visma Belgique
100%
3 Wout Van Aert Jumbo-Visma Belgique
100%
3 Wout Van Aert Visma Lease a Bike Belgique
100%
10 Anthony Turgis Total Direct Énergie France
80%
2 Anthony Turgis TotalEnergie France
80%
9 Anthony Turgis TotalEnergies France
80%
10 Arnaud Démare Groupama-FDJ France
80%
8 Greg Van Avermaet CCC Team Belgique
80%
2021 1 Jasper Stuyven Trek-Segafredo Belgique
80%
10 Jasper Stuyven Trek-Segafredo Belgique
80%
8 Jasper Stuyven Lidl-Trek Belgique
80%
7 Jasper Stuyven Soudal - Quick Step Belgique
80%
9 Matteo Trentin Tudor Italie
80%
9 Matteo Trentin Tudor Italie
80%
7 Neilson Powless EF Education-Easy Post États-Unis
80%
8 Olav Kooij Visma Lease a Bike Pays-Bas
80%
5 Alberto Bettiol EF Education-Easy Post Italie
60%
2 Caleb Ewan Lotto-Soudal Australie
60%
10 Fred Wright Bahrain Victorious Grande-Bretagne
60%
5 Giacomo Nizzolo NTT Pro Cycling Italie
60%
9 Jan Tratnik Bahrain Victorious Slovénie
60%
6 Magnus Cort Nielsen Uno-X Mobility Danemark
60%
9 Soren Kragh Andersen Team DSM Danemark
60%
7 Soren Kragh Andersen Team DSM Danemark
60%
5 Soren Kragh Andersen Alpecin-Deceuninck Danemark
60%
7 Alex Aranburu Astana Pro Team Espagne
40%
7 Alex Aranburu Astana-Premier Tech Espagne
40%
6 Dion Smith Mitchelton-Scott Nouvelle-Zélande
40%
9 Philippe Gilbert Lotto-Soudal Belgique
40%
8 Sonny Colbrelli Bahrain Victorious Italie
40%
5 Corbin Strong NSN Nouvelle-Zélande
20%
10 Edoardo Zambanini Bahrain Victorious Italie
20%
6 Andrea Vendrame Jayco AlUla Italie
0%
7 Maxim Van Gils Lotto-Dstny Belgique
0%
Aucun quiz correspondant
Distribution des résultats
% des personnes avec chaque résultat
Percentile par nombre de réponses
Votre historique - résultats
Vous n’avez pas pris ce quiz depuis la dernière actualisation